| 000 | 00618 a2200193 4500 | ||
|---|---|---|---|
| 020 | _a1568848374 | ||
| 035 | _a(OCoLC)34458745 | ||
| 035 | _a3645-84260 | ||
| 040 |
_aDLC _bDLC |
||
| 100 | 1 | _aBoles, David W. | |
| 245 | 1 | 0 |
_aWindows 95 communication and online SECRETS _cDavid W. Boles. |
| 260 |
_aFoster City, CA : _bIDG Books Worldwide, _cc1996. |
||
| 300 |
_axxvi, 646 p. : _bill. ; _c23 cm. + _e1 computer laser optical disc (4 3/4 in.) |
||
| 500 | _aAt head of title: InfoWorld. | ||
| 500 | _aIncludes index. | ||
| 650 | 0 | _aOperating systems (Computers) | |
| 650 | 0 | _aInternet. | |
| 942 |
_cBK _k005.43076 BOL _2ddc |
||
| 999 |
_c6195 _d6195 |
||